Word Ladder: Symbols Quiz Stats

Quiz Updated Sep 17, 2014

Challenge
Share
Tweet
Embed
Score 0/26 Timer 03:00
1 Play Today
Hint 4-Letter Word % Correct
FelinesCATS
96.5%
Picnic pestsANTS
94.9%
Rest stop for buttocksSEAT
90.6%
Rigid casing for a broken boneCAST
90.4%
ยขCENT
89%
Scottish girlLASS
88.2%
Poker betANTE
86.5%
Mama ElliotCASS
86.3%
Hard copies of moneyCASH
85.7%
Not + (plus) , but -LESS
84.8%
Be quiet!HUSH
84.2%
#HASH
82.7%
HurryRUSH
81.8%
Hint 4-Letter Word % Correct
Talk hypocriticallyCANT
80.4%
Conquer and/or thrashBEAT
80%
Scorch the surfaceSEAR
79.9%
Not straight and/or not honestBENT
79.2%
Ocean wannabesSEAS
79%
PasturesLEAS
74%
Food, informallyEATS
71.8%
Treebeard's kinENTS
69.2%
* is sometimes also called thisSTAR
68.1%
ImmediatelySTAT
63.9%
Secretary Of State under JFK and LBJRUSK
52.2%
With last rung, what * isASTE
50.6%
With first rung, what * isRISK
48.4%

Today's Daily Dose

Word Ladder
Summertime

On This Day
June 23rd II

You're not logged in!

Compare scores with friends on all Sporcle quizzes.
Join for Free
OR
Log In

You Might Also Like...

Show Comments

Extras

Top Quizzes Today


Score Distribution

Your Account Isn't Verified!

In order to create a playlist on Sporcle, you need to verify the email address you used during registration. Go to your Sporcle Settings to finish the process.

Report this User

Report this user for behavior that violates our Community Guidelines.

Details: